Detail practice, barrier - free design : (Registro nro. 3858)
[ vista simple ]
| 000 -LEADER | |
|---|---|
| fixed length control field | 00950nam a22002777a 4500 |
| 003 - CONTROL NUMBER IDENTIFIER | |
| control field | PE SENCICO BE |
| 005 - DATE AND TIME OF LATEST TRANSACTION | |
| control field | 20251020182627.0 |
| 008 - FIXED-LENGTH DATA ELEMENTS--GENERAL INFORMATION | |
| fixed length control field | 230224b |||||||| |||| 00| 0 eng d |
| 020 ## - INTERNATIONAL STANDARD BOOK NUMBER | |
| International Standard Book Number | 978-3-0346-0577-9 |
| 040 ## - CATALOGING SOURCE | |
| Original cataloging agency | PE SENCICO BE |
| Transcribing agency | PE SENCICO BE |
| 041 ## - LANGUAGE CODE | |
| Language code of text/sound track or separate title | eng |
| 082 ## - DEWEY DECIMAL CLASSIFICATION NUMBER | |
| Classification number | 747 |
| Item number | H36 |
| 100 1# - MAIN ENTRY--PERSONAL NAME | |
| 9 (RLIN) | 706 |
| Personal name | Heiss, Oliver |
| Relator term | autor |
| 245 1# - TITLE STATEMENT | |
| Title | Detail practice, barrier - free design : |
| Remainder of title | principles, planing, examples / |
| Statement of responsibility, etc. | Oliver Heiss, Christine Degenhart, Johann Ebe |
| 250 ## - EDITION STATEMENT | |
| Edition statement | [1a ed.] |
| 260 ## - PUBLICATION, DISTRIBUTION, ETC. | |
| Place of publication, distribution, etc. | Munich : |
| Name of publisher, distributor, etc. | Institut fur Internationale, |
| Date of publication, distribution, etc. | 2010 |
| 300 ## - PHYSICAL DESCRIPTION | |
| Extent | 112 p. : |
| Other physical details | il. col., diagrs. fotog., |
| Dimensions | 30 cm. |
| 650 14 - SUBJECT ADDED ENTRY--TOPICAL TERM | |
| 9 (RLIN) | 44 |
| Topical term or geographic name entry element | Diseño de interiores |
| 650 24 - SUBJECT ADDED ENTRY--TOPICAL TERM | |
| 9 (RLIN) | 707 |
| Topical term or geographic name entry element | Historia |
| 650 24 - SUBJECT ADDED ENTRY--TOPICAL TERM | |
| 9 (RLIN) | 370 |
| Topical term or geographic name entry element | Arquitectura de viviendas |
| 650 24 - SUBJECT ADDED ENTRY--TOPICAL TERM | |
| 9 (RLIN) | 570 |
| Topical term or geographic name entry element | Arquitectura urbana |
| 700 1# - ADDED ENTRY--PERSONAL NAME | |
| 9 (RLIN) | 708 |
| Personal name | Degenhart, Christine |
| Relator term | autor |
| 700 1# - ADDED ENTRY--PERSONAL NAME | |
| 9 (RLIN) | 709 |
| Personal name | Ebe, Johann |
| Relator term | autor |
| 910 ## - USER-OPTION DATA (OCLC) | |
| -- | hfp |
| -- | hfp |
| 942 ## - ADDED ENTRY ELEMENTS (KOHA) | |
| Source of classification or shelving scheme | Dewey Decimal Classification |
| Koha item type | Libros |
| Classification part | 747 |
| Item part | H36 |
| Fecha de la última vez que lo usaron | Número de ingreso o de inventario | Pago total | Signatura topográfica completa | Precio efectivo desde | Tipo de documento | Estado perdido | Sistema de clasificación | Estado dañado | No es para préstamo | Retirado | Ubicación permanente | Ubicación actual | Fecha de adquisición |
|---|---|---|---|---|---|---|---|---|---|---|---|---|---|
| 24/02/2023 | 16396 | 747/H36 | 24/02/2023 | Libros | Dewey Decimal Classification | Biblioteca Central Lima | Biblioteca Central Lima | 24/02/2023 |